Seerat fatima (Record no. 524406)
[ view plain ]
| 000 -LEADER | |
|---|---|
| fixed length control field | 00485nam a22001817a 4500 |
| 003 - CONTROL NUMBER IDENTIFIER | |
| control field | NUST |
| 005 - DATE AND TIME OF LATEST TRANSACTION | |
| control field | 20190620122301.0 |
| 020 ## - INTERNATIONAL STANDARD BOOK NUMBER | |
| Terms of availability | Paperback |
| 038 ## - RECORD CONTENT LICENSOR | |
| Staff Name | Shaban |
| 082 ## - DEWEY DECIMAL CLASSIFICATION NUMBER | |
| Classification number | 297.644 |
| Author Mark | YAQ |
| 100 ## - MAIN ENTRY--PERSONAL NAME | |
| Personal name | Yaqoob, Darvaish Muhammad |
| 9 (RLIN) | 15230 |
| 245 ## - TITLE STATEMENT | |
| Title | Seerat fatima |
| Statement of responsibility, etc. | Darvaish Muhammad Yaqoob |
| 260 ## - PUBLICATION, DISTRIBUTION, ETC. | |
| Place of publication, distribution, etc. | Pasrour-: |
| Name of publisher, distributor, etc. | Zeb Astana Alia, |
| 300 ## - PHYSICAL DESCRIPTION | |
| Extent | 178 p. ; |
| 880 ## - ALTERNATE GRAPHIC REPRESENTATION | |
| Linkage | 100-02\r |
| Title | درویش محمد یعقوب |
| 880 ## - ALTERNATE GRAPHIC REPRESENTATION | |
| Linkage | 245-02\r |
| Title | سیرت فاطمہ / |
| 942 ## - ADDED ENTRY ELEMENTS (KOHA) | |
| Source of classification or shelving scheme | |
| Koha item type | Book |
| Withdrawn status | Lost status | Source of classification or shelving scheme | Damaged status | Not for loan | Permanent Location | Current Location | Shelving location | Date acquired | Total Checkouts | Full call number | Barcode | Date last seen | Price effective from | Koha item type |
|---|---|---|---|---|---|---|---|---|---|---|---|---|---|---|
| Central Library (CL) | Central Library (CL) | Punjabi Literature | 06/20/2019 | 297.644 YAQ | CL-E-1116 | 06/20/2019 | 06/20/2019 | Book |
